RICS/ISVA specification for the valuation and inspection of residential property for mortgage purposes on behalf of building societies, banks and other lenders. (Record no. 90154)

MARC details
000 -LEADER
fixed length control field 00923cam a2200277 4500
001 - CONTROL NUMBER
control field M1987
008 - FIXED-LENGTH DATA ELEMENTS--GENERAL INFORMATION
fixed length control field 090401t1995 xxu||||| |||| 00| 0 eng d
035 ## - SYSTEM CONTROL NUMBER
System control number (Sirsi) u35834
041 ## - LANGUAGE CODE
Language code of text/sound track or separate title eng
050 ## - LIBRARY OF CONGRESS CALL NUMBER
Classification number 333.332
110 ## - MAIN ENTRY--CORPORATE NAME
Corporate name or jurisdiction name as entry element Royal Institution of Chartered Surveyors
9 (RLIN) 4900
245 ## - TITLE STATEMENT
Title RICS/ISVA specification for the valuation and inspection of residential property for mortgage purposes on behalf of building societies, banks and other lenders.
260 ## - PUBLICATION, DISTRIBUTION, ETC.
Place of publication, distribution, etc. London
Name of publisher, distributor, etc. RICS
Date of publication, distribution, etc. 1995
300 ## - PHYSICAL DESCRIPTION
Extent 11p. ; 21x10cm.
350 ## - PRICE (NR) (BK AM CF MU VM SE) [OBSOLETE]
Price 12.5
520 ## - SUMMARY, ETC.
Summary, etc. Replaced by amended version (M1999).
650 ## - SUBJECT ADDED ENTRY--TOPICAL TERM
Topical term or geographic name entry element GUIDANCE NOTES
650 ## - SUBJECT ADDED ENTRY--TOPICAL TERM
Topical term or geographic name entry element MODEL CONDITIONS OF ENGAGEMENT
650 ## - SUBJECT ADDED ENTRY--TOPICAL TERM
Topical term or geographic name entry element MORTGAGE VALUATIONS
650 ## - SUBJECT ADDED ENTRY--TOPICAL TERM
Topical term or geographic name entry element RESIDENTIAL PROPERTY
9 (RLIN) 6266
650 ## - SUBJECT ADDED ENTRY--TOPICAL TERM
Topical term or geographic name entry element Valuation
9 (RLIN) 6273
690 ## - LOCAL SUBJECT ADDED ENTRY--TOPICAL TERM (OCLC, RLIN)
Topical term or geographic name as entry element RATING AND VALUATION
710 ## - ADDED ENTRY--CORPORATE NAME
Corporate name or jurisdiction name as entry element Incorporated Society of Valuers and Auctioneers
9 (RLIN) 1201
942 ## - ADDED ENTRY ELEMENTS (KOHA)
Suppress in OPAC 0
948 ## - LOCAL PROCESSING INFORMATION (OCLC); SERIES PART DESIGNATOR (RLIN)
c (OCLC) 04/03/1997
Holdings
Withdrawn status Lost status Source of classification or shelving scheme Damaged status Not for loan Home library Current library Shelving location Date acquired Cost, normal purchase price Total Checkouts Full call number Barcode Date last seen Copy number Cost, replacement price Price effective from Koha item type
    Dewey Decimal Classification     Historic collection Historic collection RICS Boxes 13/11/2012     RICS 1995/134 30049307 06/08/2019 1   06/08/2019 Archive
    Dewey Decimal Classification     London London RICS Boxes 28/11/1995 12.50   RICS 1995/134 30078679 06/08/2019 1 12.50 06/08/2019 Reference material
    Dewey Decimal Classification     London London RICS Boxes 28/02/2012     RICS 1995/134 30077027 12/03/2024 2   06/08/2019 Book